Úspechy kežmarských hokejbalistov

Bibliographic Details
Main Author: Humeník, Pavol, 1963- (Author)
Format: Article
Language:Slovak
Subjects:

MARC

LEADER 00000nab a2200000 ar4500
001 vtls010445124
003 SK-MaSNL
005 20260303213254.0
008 120831c2012 xo mr|p|||||||000 b|slo
038 |a PPPK 
040 |a PPPKCL  |b slo  |c PPPKCL  |e AACR2 
041 0 |a slo 
044 |a xo  |c SK 
080 |a 796.355  |2 2001 
100 1 |a Humeník, Pavol,  |d 1963-  |4 aut  |9 240569 
245 1 0 |a Úspechy kežmarských hokejbalistov  |c Humeník 
610 2 7 |a MŠK MHbK Worms Kežmarok  |2 pppkcl  |9 1098086 
611 2 7 |a Majstrovstvá Slovenska v hokejbale dorasteniek do 18 rokov  |d (2012 :  |c Pruské, Slovensko)  |2 pppkcl  |9 1104259 
648 7 |a 19.5.2012  |2 pppkcl  |9 1103942 
650 0 7 |a hokejbal  |2 pppkcl  |9 19183 
650 0 7 |a dorastenky  |2 pppkcl  |9 348318 
651 7 |a Kežmarok (Slovensko)  |2 pppkcl  |9 26808 
651 7 |a Pruské (Slovensko)  |2 pppkcl  |9 74165 
773 0 |t Kežmarok  |g Roč. XX, č. 11 (2012), s. 14 
852 |a PPPK  |b KIS3GCP 
999 |c 2211346  |d 2213276